Statistics for W Vocabulary Words Quiz #2

Click here to take the quiz!

General Stats

  • This quiz has been taken 30,862 times
  • The average score is 12 of 20

Answer Stats

DefinitionWord% Correct
Cowboy movieWestern
93%
UterusWomb
91%
Injury caused by violent head jerkingWhiplash
78%
TracheaWindpipe
77%
Noise made by a horseWhinny
70%
Antonym of waneWax
68%
The sum of one's clothingWardrobe
66%
Type of instrument such as an oboe,
flute, or clarinet
Woodwind
66%
Milk remaining after cheese has curdledWhey
65%
Equipment in cricket or croquetWicket
65%
Non-dancer at a partyWallflower
58%
To sharpen a knife on a stoneWhet
57%
Mafia slang for killWhack
56%
Rabbit's homeWarren
47%
One who isn't but wishes he wasWannabe
45%
Beetle that often attacks cotton or wheatWeevil
45%
Marsh or swampWetland
43%
An apartment reached by stairs,
not an elevator
Walkup
39%
German loan word that means prodigyWunderkind
39%
Fold of skin hanging from a turkey's neckWattle
29%

Score Distribution

Percentile by Number Answered

Percent of People with Each Score

Your Score History

You have not taken this quiz